Quizzes
Events
Quiz Creation
Community
Videos
Private Events
Remove Ads
Sign In
Join for FREE
Feedback
Dark Mode
Quiz Categories
Sports
Geography
Music
Movies
Television
Just For Fun
Miscellaneous
History
Literature
Language
Science
Gaming
Entertainment
Religion
Holiday
For Kids
Quiz Lab
Recent
Popular Today
Quiz Kudos Today
Editor Picks
Curator Picks
Quizzes by...
Day
Popularity
Type
Ratings
Length
Year
Community
Subscriptions
Recent Discussions
Orange Saloon
Badges
Playlists
Quests
Create
Leaderboards
Showdown
Live 5
Trivia Bingo
Activity
Puzzle Library
Sporcle Events
Private Events
Virtual Trivia
Globe League
Become a Host
Pub Owners
SporcleCon
Opinionation
Our Games
Videos
Blog
Mobile Apps
Partnerships
Remove Ads and Go Orange
Feedback
Music
Pop Music
The Beatles
Song
Album
Lyrics
Bands
Singers
Artist
Clip
Rock
Rap
Classical
Billboard
Country Music
Kpop
Taylor Swift
Music
Pop Music
The Beatles
Song
Album
Lyrics
Bands
Singers
Artist
Clip
Rock
Rap
Classical
Billboard
Country Music
Kpop
Taylor Swift
Random Quiz
Search Sporcle
×
Quiz Lab
Quiz Lab
Music
electronic
Type in answers that appear in a list
Type in answers that appear in a list
Classic
Best Score? Go Orange.
◉Bootleg Remixes (Audio Quiz)◉ Stats
Can you name the original songs and artists from the bootleg remixes?
By
wickethewok
10m
28 Questions
378 Plays
378 Plays
378 Plays
Comments
Comments
Give Quiz Kudos
Give Quiz Kudos
-
- Ratings
hide this ad
More Info
Replay
Link that replays current quiz
Next Quiz
Link to next quiz in quiz playlist
You Got
0%
They Got
Avg Score
42%
Avg Friend Score
Upgrade to see
Score Distribution
Jump to the score distribution portion of the page
Score
0/28
Timer
10:00
0
Plays Today
% Correct
Nirvana
95.2%
Smells Like Teen Spirit (Adam Freeland Mix)
92.6%
Michael Jackson
90.5%
Billie Jean (Bushwacka! Mix)
89.7%
Pink Floyd
85.4%
Sweet Dreams (Christophe D'abuc Mix)
85.1%
Another Brick in the Wall (Pink Coffee B Mix)
79.6%
Eurythmics
71.1%
The White Stripes
70.6%
Seven Nation Army (Adam Freeland Mix)
67.1%
Fatboy Slim
62.3%
The Rockafeller Skank (Groeneveld & Dubfire Remix)
47.7%
Björk
34.7%
Justin Timberlake
34%
% Correct
Nine Inch Nails
32.1%
Busta Rhymes
24.7%
Radiohead
23.1%
Alanis Morissette
22%
Woo-Hah!! (Joshua Collins Pegleg Mix)
14.6%
Everything in Its Right Place (Hybrid Remix)
14.3%
Like I Love You (Numinous & Habersham Remix)
12.2%
Britney Spears
11.9%
Only (Exzakt Remix)
7.2%
Your House (Hybrid's Naughty Mix)
4.2%
Whodini
3.2%
It's in Our Hands (Grayarea Lawsuit Remix)
2.7%
Magic's Wand (Quivver Breaks Mix)
2.1%
Breathe on Me (James Holden Vocal Mix)
2.1%
Quiz Playlist
Details
Report
Send in Message
Add To Playlist
More Info:
All remixes are from "white labels" (or otherwise unreleased) - see http://en.wikipedia.org/wiki/White_label for definition.
Classic:
Type in answers that appear in a list
Last Updated: Feb 16, 2017
Quiz Scoreboard
CHALLENGE
Sign Up to Join the Scoreboard
Show All
Scores
Hide
Comments
May contain spoilers
Recently Published
An Introduction to Baseball
by treessimontrees
Sports
5m
Movies - When Are They Set?
by FPL_Elf
Movies
5m
Popular People in 1961
by mucciniale
History
6m
More to Explore
Quiz From the Vault
Featured Blog Post
Where Did the Easter Bunny Come From?
hide this ad
You Might Also Like...
Tags
Audio Quiz
electronic
Remix
Today's Top Quizzes in Music
Browse Music
hide this ad
Today's Top Quizzes in electronic
Browse electronic
Top Contributed Quizzes in Music
1
Taylor Swift All Songs (2024)
2
2010s Album by Cover III
3
Guess the Artist- 70s Songs
4
One Thing in Common: Music
5
Taylor Swift Logic Puzzle
6
Guess the Taylor Swift song (Mystery Song)
7
2010s Album by Cover IV
8
2010s Album by Cover V
9
KPOP LOGIC QUIZ
10
Kpop Logic Quiz
Explore More
Trending Topics
Crossword
Marvel
Disney
Anime
Kpop
NBA
Harry Potter
Puzzle
Song
Pokémon
The Office
WWE
Country
NFL
Soccer
hide this ad
More By:
wickethewok
Quiz
Plays
Rating
Category
Featured
Created
Marx Brothers Films
11,083
4.27
Movies
Oct 4, 2009
⋔Top 30 Songs of the 2000s (clips)⋔
7,108
3.15
Music
May 29, 2010
Newspaper Comic Strips (Picture Quiz)
3,572
4.15
Entertainment
Dec 9, 2009
Pitchfork Top 100 Albums of the 2000s
3,548
4.20
Music
Oct 10, 2009
Nicktoons by character
1,770
4.20
Television
Nov 2, 2009
Go to Creator's Profile
Score Distribution
Quiz Creator Spotlight
wickethewok
Follow
Send a Message
Quizzes Created
-
Created Quiz Play Count
-
More By This Creator
Popular Quizzes Today
1
Find the Countries of Europe - No Outlines Minefield
2
Find the US States - No Outlines Minefield
3
The Countries of the World
4
Popular People in 1961
5
US States
6
1-10 Letter E Words III
7
Find the US States
8
One Thing in Common: World Cities II
More Music Quizzes
♪ Instrumental Notes for Appreciating Music! ♫
Editor's Pick
Trending Quizzes
Risky Map Clicking: Least Populous States A-Z
1-10 Letter F Words
1-10 Letter G Words
One Thing in Common: United Kingdom
Risky Map Clicking: Next State Alphabetically
Recently Updated
Leaping Animals
pecheneg
Reality TV Shows (A-Z)
bhenderson79
Rickey Henderson's Hall of Fame Teammates
pecheneg
Champions League XIs: Arsenal
pecheneg
Quick Pick: Celebrities in WWE's Hall of Fame
aduchscher
A-Z Keypad Blitz II
pecheneg
Multiple Oscar Actors
pecheneg
Mystery Phrase Blitz: Oscar 'Best Actors'
pecheneg
F. Scott Fitzgerald Novels
LTH
Pick 3 Villains
ddd62291
Trending Topics
Kpop
Harry Potter
Crossword
Marvel
NBA
Disney
Anime
Pokémon
Country
NFL
The Office
Soccer
Song
Puzzle
WWE
Your Account Isn't Verified!
In order to create a playlist on Sporcle, you need to verify the email address you used during registration. Go to your
Sporcle Settings
to finish the process.
Report this User
Report this user for behavior that violates our
Community Guidelines
.
Details:
Send Report
Go to the Sporcle.com Mobile Site →
Comments